000 00460nam a2200145Ia 4500
008 210430s9999 xx 000 0 und d
020 _a978-3-662-05023-1
082 _a539.7 P8793 P
100 _aBogdan Povh, Klaus Rith, Christop Scholz, Frank Zetsche
_9128951
245 _aParticles And Nuclei: An introduction to the physical concepts /
_cBogdan Povh
250 _a2nd edition
260 _aGerman
_bSpringer
_c2007
300 _a389p
942 _cBK
_2ddc
999 _c562687
_d562687